000 00477nam a2200157 a 4500
001 000036866
005 20200930080003.0
008 120202s1942 ag 000 0 spa d
040 _aDO-SdBNP
_bspa
_cBNPHU
082 _axxxx
_bF557
100 1 _aFitzmaurice-Kelly, Jaime
_963229
245 1 0 _aHistoria de la literatura espaƱola. /
_cJaime Fitzmaurice-Kelly.
250 _a5a ed. corregida
260 _aBuenos Aires :
_bEdiciones Anaconda,
_c1942.
300 _a562 p. ;
_c22 cm.
999 _c36357
_d36357